A lua e as fogueiras (Registo nº 200)

Detalhes MARC
000 -Etiqueta do registo
Cabeçalho 00746nam0a2200253 4500
005 - Identificador da versão
Campo de controlo 20240813121757.0
010 ## - Número internacional normalizado dos livros (ISBN)
Número (ISBN) 8481305588
021 ## - Número do Depósito Legal
Número B. 37480-2002
100 ## - Dados gerais de processamento
Dados gerais de processamento 20160509d2002 aaay1pory5001 ba
102 ## - Pais de publicação ou produção
País de publicação Portugal
101 1# - Língua de publicação
Língua do texto, banda sonora, etc. Português
Língua do documento no original Italiano
215 ## - Descrição física 
Indicação específica da natureza do documento e extensão da espécie 158, [1] p
200 1# - Titulo e menção de responsabilidade
Título próprio A lua e as fogueiras
Primeira menção de responsabilidade Cesare Pavese
Outras menções de responsabilidade trad. de Manuel de Seabra
225 2# - Colecção 
Título próprio da colecção Mil folhas
Indicação de volume 24
210 ## - Publicação, Distribuição, etc. 
Lugar da edição, distribuição, etc. Porto
Nome do editor, distribuidor, etc. Público Comunicação Social
Data da publicação, distribuição, etc. cop. 2002
606 ## - Nome comum usado como assunto
Número de registo de entrada de autoridade 0002809
Palavra de ordem Literatura italiana
Subdivisão de assunto Romance
Código do sistema CA
675 ## - Classificação Decimal Universal (CDU)
Notação 821.131.1-31
Edição 3ª ed.
Língua da edição por
702 #1 - Nome de autor-pessoa física (responsabilidade secundária)
Número de registo de entrada de autoridade 0002903
Palavra de ordem Seabra
Outra parte do nome não tomada para palavra de ordem Manuel de
Código de função Tradutor
700 #1 - Nome de autor-pessoa física (responsabilidade principal)
Número de registo de entrada de autoridade 0002902
Palavra de ordem Pavese
Outra parte do nome não tomada para palavra de ordem Cesare
Datas 1908-1950
966 ## - Identificação da Biblioteca
Sigla EB2,3ENM
942 ## - Elementos de entrada adicionados (Koha)
Tipo de item no Koha Livro
Exemplares
Situação do levantamento Origin of item (home branch) (coded) Biblioteca de empréstimo Código de barras Cota Circulation type (not for loan) Tipo de documento Nota do exemplar Damaged status
  Biblioteca Escolar Eng. Nuno Mergulhão Biblioteca Escolar Eng. Nuno Mergulhão BENM765 82LE-3 PAV   Livro Sem mensagem